[Event "Zonal 3.3"]
[Site "Tagaytay City PHI"]
[Date "2011.05.27"]
[Round "5"]
[White "Pascua,H"]
[Black "Barus,C"]
[Result "1/2-1/2"]
[WhiteElo "2323"]
[BlackElo "2443"]

1.d4 Nf6 2.c4 e6 3.g3 d5 4.Nf3 Be7 5.Bg2 O-O 6.O-O dxc4 7.Qc2 a6 8.Qxc4 b5
9.Qc2 Bb7 10.Bd2 Be4 11.Qc1 Qc8 12.Bg5 Nbd7 13.Nbd2 Bb7 14.Nb3 c5 15.Bxf6 gxf6
16.Qf4 Qb8 17.Qh4 Qd8 18.dxc5 Nxc5 19.Rfd1 Qb6 20.Rd4 Nxb3 21.Rg4+ Kh8 22.Qxh7+ Kxh7
23.Rh4+  1/2-1/2

[Event "TCh-SLO"]
[Site "Ljubljana SLO"]
[Date "2011.05.29"]
[Round "3"]
[White "Markus,Rob"]
[Black "Beliavsky,A"]
[Result "1/2-1/2"]
[WhiteElo "2629"]
[BlackElo "2621"]

1.d4 Nf6 2.c4 e6 3.g3 d5 4.Bg2 Be7 5.Nf3 O-O 6.O-O dxc4 7.Qc2 a6 8.a4 Bd7
9.Qxc4 Bc6 10.Bg5 Nbd7 11.Nc3 h6 12.Bxf6 Nxf6 13.a5 Qd6 14.e3 b5 15.axb6 cxb6
16.Ne5 Bxg2 17.Kxg2 b5 18.Qe2 Qb6 19.Qf3 Bd6 20.Nd3 a5 21.b4 Ra7 22.bxa5 Rxa5
23.Rxa5 Qxa5 24.Ne4 Nxe4 25.Qxe4 b4 26.Qc6 Rd8 27.Qc4 Qa8+ 28.Kg1 h5 29.h4 Rb8
30.Nc5 b3 31.Nxb3 Qa2 32.Qc6 Bxg3 33.fxg3 Qxb3 34.Qf3 f6 35.Kg2 Qd3 36.Rf2 Rc8
37.Kh3 Qb5 38.Kg2 Kf7 39.e4 Kg8 40.d5 Qc4 41.dxe6 Qxe6 42.Qxh5 Qxe4+  1/2-1/2

[Event "TCh-FRA Top 12 2011"]
[Site "Mulhouse FRA"]
[Date "2011.05.30"]
[Round "5"]
[White "Lazarev,V"]
[Black "Song,Ju"]
[Result "1-0"]
[WhiteElo "2443"]
[BlackElo "2325"]

1.Nf3 Nf6 2.c4 e6 3.g3 d5 4.Bg2 Be7 5.d4 O-O 6.O-O dxc4 7.Qc2 a6 8.a4 Bd7
9.Qxc4 Bc6 10.Bf4 a5 11.Nc3 Na6 12.Rac1 Nb4 13.Ne5 Bxg2 14.Kxg2 Nfd5 15.Nxd5 Nxd5
16.Bd2 c6 17.Qb3 Nb4 18.e3 Qc7 19.Rfd1 Rfd8 20.Qc4 Nd5 21.Nd3 Nf6 22.Qb3 Rd5
23.Be1 Rad8 24.f3 Rb8 25.Qc2 Rdd8 26.Bf2 Nd5 27.Qc4 Bg5 28.f4 Be7 29.e4 Nb4
30.Ne5 Bf6 31.Nf3 Qd7 32.Qe2 h6 33.Ne5 Bxe5 34.dxe5 Qc7 35.Bc5 Rxd1 36.Rxd1 Rd8
37.Bd6 Qb6 38.Rd2 c5 39.Qc4 Qc6 40.b3 b6 41.g4 Qd7 42.Rf2 Kh7 43.h4 Re8 44.Rd2 Rd8
45.Kg3 Qb7 46.f5 Nc6 47.fxe6 Nxe5 48.Qc2 Nc6 49.e5+ Kg8 50.exf7+ Qxf7 51.Rf2 Qe6
52.Qc4 Nd4 53.Qxe6+ Nxe6 54.Kf3 Nd4+ 55.Ke4 Rd7 56.Rf8+ Kh7 57.Kd5  1-0

[Event "Haspa-Schachpokal 2011 GpA"]
[Site "Bargteheide GER"]
[Date "2011.06.02"]
[Round "1.3"]
[White "Fartmann,B"]
[Black "Schmidt,Ha"]
[Result "0-1"]
[WhiteElo "2061"]
[BlackElo "2412"]

1.d4 Nf6 2.c4 e6 3.Nf3 d5 4.g3 Be7 5.Bg2 O-O 6.O-O Ne4 7.Nfd2 f5 8.cxd5 exd5
9.Qb3 Kh8 10.Nc3 c6 11.Ndxe4 fxe4 12.Be3 Nd7 13.Rad1 Nf6 14.f3 exf3 15.exf3 Bd6
16.Rfe1 Qb6 17.Qc2 Qc7 18.a3 Qf7 19.Ne2 Nh5 20.Qd2 Bd7 21.g4 Nf6 22.Bf4 Ne8
23.Be5 Bxe5 24.dxe5 Nc7 25.h3 Ne6 26.Rf1 g5 27.Rde1 Rae8 28.Qa5 c5 29.Qxa7 Bc6
30.Ng3 Qc7  0-1

[Event "3rd Orissa Open"]
[Site "Bhubaneswar IND"]
[Date "2011.06.02"]
[Round "7"]
[White "Deshmukh,A"]
[Black "Swapnil,SD"]
[Result "1/2-1/2"]
[WhiteElo "2283"]
[BlackElo "2425"]

1.c4 Nf6 2.d4 e6 3.Nf3 d5 4.g3 Be7 5.Bg2 O-O 6.O-O dxc4 7.Qc2 a6 8.Rd1 b5
9.Ne5 Nd5 10.e4 Nb4 11.Qe2 f6 12.Nf3 Re8 13.Nc3 Bb7 14.a4 c6 15.b3 cxb3 16.Qb2 Nc2
17.Rb1 Na3 18.Ra1 Nc2 19.Rb1 Na3 20.Ra1 Nc4 21.Qxb3 Bf8 22.d5 cxd5 23.exd5 Na5
24.Qa2 Qc8 25.dxe6 Qxc3 26.Bd2 Qb3 27.Bxa5 Qxa2 28.Rxa2 Nc6 29.Bb6 Rxe6 30.Nd4 Rd6
31.axb5 axb5 32.Rxa8 Bxa8 33.Bc5 Rd7 34.Ra1 Nxd4 35.Rxa8 Ne6 36.Bxf8 Nxf8  1/2-1/2

[Event "3rd Orissa Open"]
[Site "Bhubaneswar IND"]
[Date "2011.06.02"]
[Round "7"]
[White "Arun Prasad,S"]
[Black "Grover,S"]
[Result "0-1"]
[WhiteElo "2495"]
[BlackElo "2485"]

1.d4 e6 2.c4 Nf6 3.g3 d5 4.Nf3 Be7 5.Bg2 O-O 6.O-O dxc4 7.Qc2 a6 8.Qxc4 b5
9.Qc2 Bb7 10.Bd2 h6 11.a3 Re8 12.Rc1 Bd6 13.Ba5 Be4 14.Qd1 Nc6 15.Be1 Ne7
16.Nbd2 Bb7 17.Nb3 Bd5 18.Nc5 Nc6 19.Nd3 a5 20.e3 a4 21.Nfe5 Bxg2 22.Kxg2 Ne7
23.Qe2 Nd7 24.Nf3 Nb6 25.Rc2 Nc4 26.Nd2 Na5 27.Nc5 Bxc5 28.Rxc5 c6 29.Rd1 Qb6
30.Rc2 Nd5 31.e4 Nf6 32.Nf3 Nb3 33.Bb4 Nd7 34.Qe3 Qb7 35.Bd6 Nb6 36.Bb4 Rad8
37.Ne5 Rc8 38.Bc5 f6 39.Bxb6 fxe5 40.Bc5 exd4 41.Bxd4 Red8 42.Rd3 Qd7 43.Rxb3 axb3
44.Rd2 c5 45.Bc3 Qc6 46.Re2 Rd7 47.Qf4 Qd6 48.Be5 Qe7 49.Re3 c4 50.Bc3 Rd3
51.Re2 Qf7 52.Qe5 Qf6 53.Qxf6 gxf6 54.Bxf6 Kf7 55.Be5 Rcd8 56.Bf4 c3 57.bxc3 Rxc3
58.Be5 Rc2 59.Re3 b2 60.Rb3 Rdd2 61.Rxb5 Rxf2+ 62.Kh3 Rxh2+ 63.Kg4 Kg6 64.Rb7 h5+
65.Kf4 Rhf2+ 66.Ke3 Rce2+ 67.Kd3 Rd2+ 68.Ke3 Rfe2+ 69.Kf3 Rh2 70.Ke3 Rdg2
71.Kf3 Re2 72.g4 Rhf2+ 73.Kg3 Rg2+ 74.Kh3 hxg4+ 75.Kh4 Re3  0-1

[Event "82nd ch-GER"]
[Site "Bonn GER"]
[Date "2011.06.02"]
[Round "8.5"]
[White "Fridman,D"]
[Black "Andre,G"]
[Result "1-0"]
[WhiteElo "2661"]
[BlackElo "2363"]

1.c4 e6 2.Nf3 d5 3.g3 Nf6 4.Bg2 Be7 5.d4 O-O 6.Qc2 b6 7.O-O Bb7 8.cxd5 exd5
9.Nc3 c5 10.Bf4 Nc6 11.Rad1 Qc8 12.e3 Rd8 13.Ng5 Nb4 14.Qb1 h6 15.Bh3 Qc6
16.Nf3 g5 17.Be5 Ne4 18.a3 Na6 19.Nd2 Qg6 20.dxc5 Naxc5 21.b4 Nxc3 22.Qxg6+ fxg6
23.Bxc3 Ne4 24.Be5 Bf6 25.Be6+ Kg7 26.f4 gxf4 27.exf4 Bxe5 28.fxe5 Ng5 29.Bg4 d4
30.Rc1 h5 31.Rc7+ Kh6 32.h4 Ne4 33.Rff7 Rh8 34.Bf3 Nxd2 35.Bxb7 Rae8 36.Rf2 Nb1
37.Be4 Nc3 38.Bxg6 Rc8 39.Rxa7 Nd5 40.Be4  1-0

[Event "TCh-FRA Top 12 2011"]
[Site "Mulhouse FRA"]
[Date "2011.06.02"]
[Round "8"]
[White "Avrukh,B"]
[Black "Sanikidze,T"]
[Result "1-0"]
[WhiteElo "2601"]
[BlackElo "2524"]

1.d4 d5 2.c4 e6 3.Nf3 Nf6 4.g3 Be7 5.Bg2 O-O 6.O-O dxc4 7.Qc2 a6 8.a4 Bd7
9.Qxc4 Bc6 10.Bf4 a5 11.Nc3 Na6 12.Ne5 Bd5 13.Qb5 Nb4 14.e4 Bb3 15.Nf3 Ne8
16.Rfc1 c6 17.Qe2 c5 18.dxc5 Nd3 19.Nd2 Nxc1 20.Rxc1 e5 21.Bxe5 Be6 22.Nd5 Rc8
23.Nb3 Bf6 24.Bf4 Bxd5 25.exd5 Nc7 26.d6 Ne6 27.Bxb7 Nxf4 28.gxf4 Rb8 29.c6 Qxd6
30.c7 Rbe8 31.Qf3 Rc8 32.Bxc8 Rxc8 33.Nxa5 Bxb2 34.Rc6 Qd7 35.Nc4 Bd4 36.Nd6  1-0

[Event "Fynsmesterskabet 2011"]
[Site "Odense DEN"]
[Date "2011.06.02"]
[Round "2.4"]
[White "Brunello,S"]
[Black "Stigar,P"]
[Result "1-0"]
[WhiteElo "2537"]
[BlackElo "2314"]

1.d4 Nf6 2.c4 e6 3.g3 d5 4.Nf3 Be7 5.Bg2 O-O 6.O-O dxc4 7.Qc2 a6 8.a4 Bd7
9.Nc3 Bc6 10.Rd1 Bxf3 11.Bxf3 Nc6 12.Bxc6 bxc6 13.a5 Qb8 14.Qa4 Qb3 15.Qxc6 Bb4
16.Bd2 Rfb8 17.e3 Bxc3 18.Bxc3 Nd5 19.Be1 Qb5 20.Qxb5 Rxb5 21.Ra4 Rxb2 22.Rxc4 f5
23.Rdc1 Kf7 24.R4c2 Rxc2 25.Rxc2 Ke7 26.Bd2 Kd7 27.f3 Rb8 28.e4 fxe4 29.fxe4 Nf6
30.Bf4 Rb1+ 31.Kg2 c6 32.e5 Nd5 33.Bd2 c5 34.dxc5 Kc6 35.Kf2 Rb5 36.Rc4 Rxc5
37.Rh4 h6 38.Rg4 g5 39.h4 Ne7 40.hxg5 hxg5 41.Rxg5 Kd5 42.Ke3 Nc6 43.Rg8 Nxa5
44.Bb4 Rb5 45.Rd8+ Kxe5 46.Bc3+ Kf5 47.Rf8+ Kg4 48.Rg8+ Kh3 49.g4 Rb3 50.Kd3 Nc6
51.Kc2 Rb7 52.g5 e5 53.g6 Kg4 54.g7 Kg5 55.Rc8 Rxg7 56.Rxc6 Kf5 57.Rc5 Re7
58.Kd3 Kf4 59.Ke2 Re6 60.Rc4+ Kf5 61.Kf3 Rh6 62.Rc5 Re6 63.Ke3 Re8 64.Rd5 Re6
65.Ra5 Kf6 66.Ke4 Ke7 67.Bxe5 Rb6 68.Ra1 Kd7 69.Bd4 Re6+ 70.Kd5 Rd6+ 71.Kc4 Rc6+
72.Bc5 Rg6 73.Rh1 Kc6 74.Bd4 Kd6 75.Rh7 Ke6 76.Ra7 Kf5 77.Kd5 Kf4 78.Rf7+ Kg4
79.Ke4 Kg3 80.Be5+ Kg2 81.Ke3 a5 82.Rf2+ Kg1 83.Kf3 Rg8 84.Rc2 Rf8+ 85.Bf4  1-0

[Event "Fynsmesterskabet 2011"]
[Site "Odense DEN"]
[Date "2011.06.02"]
[Round "2.13"]
[White "Lafuente,P"]
[Black "Randlov,Carsten"]
[Result "1-0"]
[WhiteElo "2555"]
[BlackElo "1863"]

1.d4 d5 2.c4 e6 3.Nf3 Nf6 4.g3 Be7 5.Bg2 O-O 6.O-O c6 7.Qc2 Nbd7 8.Nbd2 h6
9.e4 dxe4 10.Nxe4 Nxe4 11.Qxe4 Nf6 12.Qe2 a5 13.Rd1 Re8 14.Be3 Bf8 15.Rac1 a4
16.Ne5 Qc7 17.Qf3 Bd6 18.Nd3 Ra5 19.Bd2 Rf5 20.Qe2 e5 21.c5 exd4 22.cxd6 Qxd6
23.Qf1 Ng4 24.Bf4 Qf6 25.h3 Ne3 26.fxe3 dxe3 27.Qe2 g5 28.Bxe3 b6 29.g4  1-0

[Event "5th Wunsiedel Open 2011"]
[Site "Wunsiedel GER"]
[Date "2011.06.02"]
[Round "1"]
[White "Flumbort,A"]
[Black "Zier,O"]
[Result "1-0"]
[WhiteElo "2572"]
[BlackElo "2134"]

1.Nf3 d5 2.d4 Nf6 3.c4 e6 4.g3 Be7 5.Bg2 O-O 6.O-O dxc4 7.Ne5 Nc6 8.Nxc6 bxc6
9.e3 Nd5 10.Qa4 Nb6 11.Qc2 Rb8 12.Rd1 Qe8 13.Nd2 Ba6 14.b3 c5 15.Bb2 cxd4
16.Bxd4 Bb7 17.Bxb7 Rxb7 18.Nxc4 c5 19.Qe4 Rd7 20.Bc3 Nd5 21.Bb2 Bf6 22.Bxf6 Nxf6
23.Qf3 Rd5 24.Rac1 Qc6 25.Kg2 Rfd8 26.Rc2 h6 27.Rdc1 Qc7 28.e4 Rd4 29.e5 Rd3
30.Qe2 Qc6+ 31.f3 Nd5 32.Rd2 Ne3+ 33.Qxe3 Rxe3 34.Rxd8+ Kh7 35.Nxe3  1-0

[Event "3rd Orissa Open"]
[Site "Bhubaneswar IND"]
[Date "2011.06.03"]
[Round "8"]
[White "Mchedlishvili,M"]
[Black "Panchanathan,M"]
[Result "1/2-1/2"]
[WhiteElo "2629"]
[BlackElo "2539"]

1.d4 Nf6 2.c4 e6 3.g3 d5 4.Bg2 Be7 5.Nf3 O-O 6.Qc2 dxc4 7.Qxc4 a6 8.Qc2 c5
9.dxc5 Qa5+ 10.Nc3 Nd5 11.Ng5 Bxg5 12.Bxg5 Qxc5 13.Rc1 Nc6 14.Nxd5 Qxc2 15.Rxc2 exd5
16.O-O h6 17.Be3 d4 18.Bf4 Re8 19.Rd1 Bg4 20.Bxc6 bxc6 21.f3 Bf5 22.Rc5 Be6
23.b3 Red8 24.Bc7 Rd7 25.Ba5 Rc8 26.Kf2 f6 27.Bb4 Kf7 28.Rd2 Rb8 29.Ba3 d3
30.e4 Rb5 31.Rxc6 a5 32.Ra6 f5 33.Ke3 g5 34.Rxd3 Rxd3+ 35.Kxd3 Bxb3 36.axb3 Rxb3+
37.Ke2 Rxa3 38.exf5 h5 39.Rg6 a4 40.Rxg5 Ra1 41.Kd2 a3 42.Kc2 Rf1  1/2-1/2

[Event "82nd ch-GER"]
[Site "Bonn GER"]
[Date "2011.06.03"]
[Round "9.13"]
[White "Lubbe,N"]
[Black "Bracker,F"]
[Result "1-0"]
[WhiteElo "2422"]
[BlackElo "2355"]

1.d4 Nf6 2.c4 e6 3.g3 d5 4.Bg2 Be7 5.Nf3 O-O 6.O-O dxc4 7.Ne5 Nc6 8.Nxc6 bxc6
9.Nc3 Rb8 10.Qc2 Nd5 11.Rd1 Ba6 12.a3 Qc8 13.Bd2 Bf6 14.e4 Nxc3 15.Bxc3 Rd8
16.e5 Be7 17.Bxc6 Bb5 18.Be4 g6 19.d5 exd5 20.Rxd5 Qa6 21.Re1 Qe6 22.Red1 Bc6
23.Rxd8+ Rxd8 24.Rxd8+ Bxd8 25.Bxc6 Qxc6 26.Qd2 Be7 27.Qd4 a6 28.Qa7 Kg7
29.Qb8 h5 30.h4 f6 31.exf6+ Bxf6 32.Bxf6+ Kxf6 33.Qf8+ Ke6 34.Qg8+ Kf6 35.Qf8+ Ke6
36.Qf4 Kd7 37.Qd4+ Kc8 38.Kf1 Qe6 39.Kg2 Qe2 40.Qf6 Qe4+ 41.Qf3 Qe6 42.Qa8+ Kd7
43.Qb7 Kd8 44.Qf3 Kc8 45.Kf1 Kb8 46.Qe2 Qc6 47.Qe3 Qh1+ 48.Ke2 Qb1 49.Qd4 Qc2+
50.Ke3 Qf5 51.Qe4 Qc5+ 52.Qd4 Qb5 53.Kd2 Qa5+ 54.Kc2 Qa4+ 55.Kc1 Qc6 56.Kd2 Qb5
57.Ke3 Qb3+ 58.Kf4 Qc2 59.Kg5 Qf5+ 60.Kh6 Qf7 61.f4 Qe6 62.Qe5 Qg4 63.Qe8+ Ka7
64.Qxg6 Qe2 65.Qg7  1-0

[Event "18th Ratten Open"]
[Site "Ratten AUT"]
[Date "2011.06.03"]
[Round "3.1"]
[White "Diermair,A"]
[Black "Steiner,G"]
[Result "1-0"]
[WhiteElo "2435"]
[BlackElo "2195"]

1.d4 d5 2.c4 e6 3.Nf3 Nf6 4.g3 Be7 5.Bg2 O-O 6.O-O dxc4 7.Qc2 b5 8.a4 b4
9.Bg5 Nd5 10.Bxe7 Qxe7 11.Nfd2 Nc6 12.e3 b3 13.Qxc4 Ncb4 14.Qxb3 Ba6 15.Nc4 Rab8
16.Nbd2 c5 17.dxc5 Qxc5 18.Rfc1 Rfc8 19.Qd1 Nd3 20.Ne4 Qb4 21.Qxd3 Rxc4 22.Rxc4 Bxc4
23.Qd4 Qxb2 24.Qxb2 Rxb2 25.Rc1 Ba6 26.Bf1 Bb7 27.a5 Ne7 28.Nd6 Bf3 29.Nc8 Kf8
30.Nxa7 Ra2 31.a6 g5 32.h3 h5 33.Nb5 g4 34.Nd4 Bd5 35.hxg4 hxg4 36.Rc7 Ra1
37.a7 Ng6 38.Nb3 Rb1 39.e4 Ne5 40.Nd2 Bxe4 41.Nxb1  1-0

[Event "TCh-FRA Top 12 2011"]
[Site "Mulhouse FRA"]
[Date "2011.06.04"]
[Round "10"]
[White "Cornette,M"]
[Black "Renet,O"]
[Result "1-0"]
[WhiteElo "2562"]
[BlackElo "2497"]

1.d4 Nf6 2.c4 e6 3.g3 d5 4.Nf3 Be7 5.Bg2 O-O 6.O-O dxc4 7.Qc2 a6 8.a4 c5
9.dxc5 Nc6 10.Na3 c3 11.bxc3 Bxc5 12.Nc4 Qe7 13.Bf4 Nd5 14.Ng5 g6 15.Bd2 Nf6
16.Rab1 e5 17.Nb6 Bxb6 18.Rxb6 Bf5 19.Qb3 Qd8 20.Be3 Nd7 21.Nxf7 Rxf7 22.Bd5 Qe8
23.Rxb7 Rc8 24.Qc4 Ne7 25.Bxf7+ Qxf7 26.Qxf7+ Kxf7 27.Rd1 Ke8 28.Ra7 Rc6
29.a5 Nc8 30.Ra8 Kf7 31.f3 Rxc3 32.Bd2 Rc6 33.Rc1 Bc2 34.Be3 Nd6 35.Bb6 Nb5
36.Rxa6 Nd4 37.Kf2 Nb3 38.Re1 Ke6 39.Ra7 Nxb6 40.axb6 Rxb6 41.Rxh7 Ra6 42.g4 Ra2
43.Kg3 Nc5 44.Rc7 Kd6 45.Rc8 Ne6 46.e3 Kd7 47.Rc3 Ba4 48.Rb1 Rd2 49.Rb7+ Kd6
50.Rb6+ Ke7 51.Rc4 Bd7 52.h4 Be8 53.Rb1 Rd3 54.Re4 Kd6 55.Rb6+ Bc6 56.h5 gxh5
57.gxh5 Kc7 58.Reb4 Rxe3 59.Rb3 Rxf3+ 60.Rxf3 Bxf3 61.h6 Kxb6 62.h7 Bb7 63.h8=Q Ka7
64.Qxe5 Bc8 65.Qd6 Kb7 66.Kf2 Nc7 67.Ke3 Be6 68.Qb4+ Ka8 69.Kd4 Bd5 70.Qb6 Bb7  1-0

[Event "Fynsmesterskabet 2011"]
[Site "Odense DEN"]
[Date "2011.06.04"]
[Round "6.2"]
[White "Brunello,S"]
[Black "Smith,Ax"]
[Result "1/2-1/2"]
[WhiteElo "2537"]
[BlackElo "2450"]

1.c4 Nf6 2.g3 e6 3.d4 d5 4.Nf3 Be7 5.Bg2 O-O 6.O-O dxc4 7.Qc2 b5 8.a4 b4
9.Ne5 Qxd4 10.Bxa8 Qxe5 11.Bf3 Nd5 12.e4 Nb6 13.a5 N6d7 14.Bf4 Qf6 15.Be2 e5
16.Be3 Nc5 17.Nd2 Nc6 18.Bxc4 Nd4 19.Bxd4 exd4 20.Rfe1 Rd8 21.Bd3 b3 22.Nxb3 Nxd3
23.Qxd3 Ba6 24.Qc2 c5 25.Rad1 Qe5 26.Nd2 d3 27.Qc3 Bf6 28.Rc1 c4 29.Qxe5 Bxe5
30.Nxc4 Bxb2 31.Nxb2 d2 32.Red1 dxc1=Q 33.Rxc1 g6 34.Na4 Rd2 35.Rc7 Ra2 36.Nc3 Rxa5
37.f4 Bd3 38.Kf2 h5 39.Ke3 Bf1 40.f5 gxf5 41.exf5 a6 42.f6 Rf5 43.h4 Rxf6
44.Nd5 Re6+ 45.Kd4  1/2-1/2

[Event "Fynsmesterskabet 2011"]
[Site "Odense DEN"]
[Date "2011.06.04"]
[Round "7.16"]
[White "Stigar,P"]
[Black "Rhee,A"]
[Result "1-0"]
[WhiteElo "2314"]
[BlackElo "2097"]

1.Nf3 Nf6 2.c4 e6 3.g3 d5 4.d4 Be7 5.Bg2 O-O 6.O-O dxc4 7.Qc2 b5 8.a4 b4
9.Nbd2 b3 10.Qxc4 Ba6 11.Qxb3 Nc6 12.Re1 Rb8 13.Qc3 Nb4 14.Ne5 c5 15.dxc5 Nfd5
16.Bxd5 Qxd5 17.b3 f6 18.Nec4 Bxc5 19.Bb2 Rfd8 20.Rad1 Qf5 21.Qf3 Qc2 22.Rc1 Qg6
23.Qe4 Qe8 24.Qg4 Rd5 25.Ne4 Kf8 26.Nxc5 Rxc5 27.Ba3 Bxc4 28.Rxc4 Rxc4 29.Qxc4 a5
30.Bxb4+ Rxb4 31.Qc5+ Kf7 32.Qxa5 Rxb3 33.Rc1 Rb8 34.Rc7+ Kg6 35.Qa7 Qf8
36.Rxg7+  1-0

[Event "Portuguese Masters"]
[Site "Vila Nova de Gaia POR"]
[Date "2011.06.05"]
[Round "1.1"]
[White "Santos,JoseP"]
[Black "Fernandes,Al"]
[Result "1-0"]
[WhiteElo "2285"]
[BlackElo "2168"]

1.c4 Nf6 2.d4 e6 3.g3 d5 4.Bg2 Be7 5.Nf3 O-O 6.O-O dxc4 7.Ne5 Nc6 8.Bxc6 bxc6
9.Nxc6 Qd7 10.Nxe7+ Qxe7 11.Qa4 e5 12.dxe5 Qxe5 13.Qxc4 Be6 14.Qc2 Bh3 15.Re1 Ne4
16.Nc3 Bf5 17.Nxe4 Bxe4 18.Qc3 Qxc3 19.bxc3 Rfd8 20.Bf4 Rd7 21.Red1 Rad8
22.Rxd7 Rxd7 23.f3 Bf5 24.Kf2 f6 25.h4 h6 26.a3 c6 27.Be3 h5 28.a4 Kf7 29.a5 a6
30.Ra4 Rb7 31.Bb6 Be6 32.e4 Rd7 33.Rd4 Rxd4 34.cxd4 Bc4 35.Ke3 Ke6 36.g4 g6
37.Kf4 Bb3 38.g5 fxg5+ 39.Kxg5 Bd1 40.f4 Bg4 41.Kxg6 Ke7 42.Bc5+ Ke8 43.f5 Bf3
44.e5 Be4 45.e6 Bd3 46.Kf6  1-0

[Event "Portuguese Masters"]
[Site "Vila Nova de Gaia POR"]
[Date "2011.06.09"]
[Round "5.1"]
[White "Santos,AntonioP"]
[Black "Fernandes,Al"]
[Result "1-0"]
[WhiteElo "2344"]
[BlackElo "2168"]

1.d4 Nf6 2.c4 e6 3.g3 d5 4.Bg2 Be7 5.Nf3 O-O 6.O-O dxc4 7.Qc2 a6 8.Qxc4 b5
9.Qc2 Bb7 10.Bd2 Nbd7 11.Ba5 Bd6 12.Nbd2 Qe7 13.Bxc7 Bxc7 14.Qxc7 Nd5 15.Qa5 Nb4
16.Nb3 Rfc8 17.Rfc1 Nc2 18.Rxc2 Rxc2 19.Ne1 Bxg2 20.Nxc2 Bh3 21.Qc7 Qe8 22.Nb4 Nf6
23.Rc1 h5 24.Nc6 Nd5 25.Qd6 Kh7 26.e4 Nb6 27.Qc5 Nc4 28.Qxh5+ Kg8 29.Ne5 f6
30.Qxe8+ Rxe8 31.Nxc4 bxc4 32.Rxc4 Bg4 33.f4 Rb8 34.Kf2 Bd1 35.Rc3 a5 36.Ke1 Bh5
37.Rc2 Rb4 38.Rd2 a4 39.Nc5 Rc4 40.Nxe6 Rc1+ 41.Kf2 Rh1 42.Ke3 Re1+ 43.Kd3 f5
44.exf5 Bg4 45.Nc5 Bxf5+ 46.Kc3 Ra1 47.a3 Kh7 48.d5  1-0

[Event "DJEM U16"]
[Site "Oberhof GER"]
[Date "2011.06.12"]
[Round "1.4"]
[White "Gibicar,D"]
[Black "Goebel,C"]
[Result "1/2-1/2"]
[WhiteElo "2037"]
[BlackElo "2148"]

1.d4 Nf6 2.c4 e6 3.g3 d5 4.Nf3 Be7 5.Bg2 O-O 6.O-O dxc4 7.Qa4 a6 8.Qxc4 b5
9.Qc2 Bb7 10.Bd2 Be4 11.Qc1 Nc6 12.Be3 b4 13.Nbd2 Bd5 14.Nc4 Rc8 15.Rd1 Qe8
16.Nfd2 Nb8 17.Qc2 Qb5 18.Rac1 Nbd7 19.Nb3 Bxg2 20.Kxg2 c5 21.dxc5 Nxc5 22.Nxc5 Bxc5
23.Bxc5 Rxc5 24.Qd3 Rd5 25.Qb3 Rfd8 26.Ne3 Rxd1 27.Rxd1 Rxd1 28.Qxd1 Qc6+
29.Kg1 h6 30.Qd8+ Kh7 31.Qd3+ Kg8 32.Qd8+  1/2-1/2

[Event "1st Chinese Celebrity"]
[Site "Shenzhen CHN"]
[Date "2011.06.14"]
[Round "6"]
[White "Yu Yangyi"]
[Black "Hou Yifan"]
[Result "1-0"]
[WhiteElo "2646"]
[BlackElo "2612"]

1.d4 e6 2.c4 Nf6 3.Nf3 d5 4.g3 Be7 5.Bg2 O-O 6.Qc2 c5 7.O-O cxd4 8.Nxd4 e5
9.Nf5 d4 10.Nxe7+ Qxe7 11.Bg5 h6 12.Bxf6 Qxf6 13.Nd2 Nc6 14.a3 a5 15.c5 Qe7
16.Ne4 Bf5 17.Qc4 Be6 18.Qb5 f5 19.Nd6 Rab8 20.b4 axb4 21.axb4 e4 22.Qa4 Ne5
23.f3 d3 24.exd3 exf3 25.Bxf3 Nxf3+ 26.Rxf3 Bd5 27.Qd1 f4 28.gxf4 Qf6 29.Ne4 Qd4+
30.Kg2 Rbe8 31.Kg3 Re6 32.f5 Qe5+ 33.Kf2 Qxh2+ 34.Ke3 Re5 35.Qd2 Qh4 36.Rf4 Qh3+
37.Kd4 Rexf5 38.Rxf5 Qxf5 39.Re1 Bf7 40.Rg1 Rd8+ 41.Ke3 Qe5 42.Qc3 Qxc3 43.Nxc3 g5
44.d4 Kg7 45.Ke4 Re8+ 46.Kd3 Rd8 47.b5 Kf6 48.Ne4+ Ke7 49.Nd6 Rxd6 50.cxd6+ Kxd6
51.Rf1 Bg6+ 52.Kc4 Be4 53.Rf6+ Ke7 54.Rxh6 g4 55.d5 Bf3 56.d6+ Kd7 57.Kc5 Be4
58.Kd4 Bf3 59.Ke5 g3 60.Rh7+ Kd8 61.d7 g2 62.Kd6  1-0

[Event "49th National Challengers ch-IND"]
[Site "Aurangabad IND"]
[Date "2011.06.16"]
[Round "1"]
[White "Karthikeyan,P2"]
[Black "Chiman,P"]
[Result "1-0"]
[WhiteElo "2379"]
[BlackElo "1940"]

1.d4 d5 2.c4 e6 3.Nf3 Nf6 4.g3 Be7 5.Bg2 O-O 6.O-O c6 7.Nc3 b6 8.Bf4 Bb7
9.cxd5 Nxd5 10.Nxd5 cxd5 11.Rc1 Nc6 12.h4 Rc8 13.h5 h6 14.g4 Bg5 15.Nxg5 hxg5
16.Bg3 f5 17.e3 f4 18.Bh2 Qf6 19.Qd2 f3 20.Bh3 g6 21.Qd3 Nb4 22.Qd2 Nc6 23.Qd3 Nb4
24.Qa3 Nc6 25.Qd6 Rcd8 26.Qc7 Rf7 27.Rxc6 Bxc6 28.Qxc6 Qe7 29.Be5 gxh5 30.gxh5 Re8
31.Bg4 Qd7 32.Rc1 Rfe7 33.Qxd7 Rxd7 34.Bxf3 Kh7 35.Bg4 Kh6 36.Rc6 Ree7 37.Bxe6  1-0

[Event "Teplice Open"]
[Site "Teplice CZE"]
[Date "2011.06.16"]
[Round "6"]
[White "Kozak,Mi"]
[Black "Vlasak,Lu"]
[Result "1-0"]
[WhiteElo "2211"]
[BlackElo "2315"]

1.d4 Nf6 2.c4 e6 3.g3 d5 4.Nf3 Be7 5.Bg2 O-O 6.O-O c6 7.Qc2 Nbd7 8.Nbd2 b5
9.c5 Qc7 10.e4 e5 11.dxe5 Nxe5 12.b3 Nxf3+ 13.Bxf3 Bh3 14.Re1 Rad8 15.b4 a5
16.a3 axb4 17.axb4 dxe4 18.Nxe4 Nd5 19.Ng5 Bxg5 20.Bxg5 f6 21.Bd2 Qd7 22.Be4 Kh8
23.Ra3 f5 24.Bh1 f4 25.Re5 Nxb4 26.Bxb4 Bf5 27.Qb2  1-0

[Event "Voronezh Master Open"]
[Site "Voronezh RUS"]
[Date "2011.06.16"]
[Round "5.37"]
[White "Potapova,M"]
[Black "Kruchev,B"]
[Result "1/2-1/2"]
[WhiteElo "1852"]
[BlackElo "2256"]

1.c4 Nf6 2.g3 e6 3.Bg2 d5 4.d4 Be7 5.Nf3 O-O 6.O-O b6 7.Nc3 Bb7 8.b3 dxc4
9.bxc4 c5 10.e3 cxd4 11.exd4 Qc7 12.Qb3 Rc8 13.Ne5 Bxg2 14.Kxg2 Nc6 15.Nb5 Nxd4
16.Nxc7 Nxb3 17.axb3 Rxc7 18.Rd1 Ne8 19.Rd7 Bf6 20.Rxc7 Nxc7 21.f4 a6 22.Be3 b5
23.Bb6 Rc8 24.Bxc7 Rxc7 25.cxb5 a5 26.Rxa5 g5 27.Nc4 Bd4 28.b6 Rb7 29.Rxg5+ Kf8
30.Rb5 Ke7 31.Kf3 Kd7 32.Ne5+ Kc8 33.Ke4 Bg1 34.h3 f5+ 35.Kf3 h5 36.g4 fxg4+
37.hxg4 hxg4+ 38.Kxg4 Rg7+ 39.Kh5 Kb7 40.Kh6 Rg8 41.Kh7 Rf8 42.Ng6 Rf7+ 43.Kg8 Rf6
44.Nf8 Rxf4 45.Nxe6 Rg4+ 46.Kf7 Bxb6 47.Rd5 Kc6 48.Rd3 Rh4 49.Kf6 Bf2 50.Kf5 Kb5
51.Ke5 Bg1 52.Nd4+  1/2-1/2

[Event "61st ch-RUS HL w"]
[Site "Taganrog RUS"]
[Date "2011.06.17"]
[Round "3"]
[White "Drozdova,D"]
[Black "Shadrina,T"]
[Result "1/2-1/2"]
[WhiteElo "2239"]
[BlackElo "2397"]

1.d4 Nf6 2.c4 e6 3.Nf3 d5 4.g3 Be7 5.Bg2 O-O 6.O-O dxc4 7.Qc2 a6 8.Qxc4 b5
9.Qc2 Bb7 10.Nc3 Nbd7 11.Rd1 c5 12.Ne5 Bxg2 13.Kxg2 Qc7 14.Nxd7 Qxd7 15.dxc5 Qc6+
16.f3 Qxc5 17.Qb3 b4 18.Na4 Qb5 19.Kf2 Rac8 20.e4 Nd7 21.Be3 Ne5 22.Nb6 Rc5
23.Na4 Rc6 24.Rd4 f5 25.exf5 Rxf5 26.Bf4 Nc4 27.Rc1 Na5 28.Qd1 h6 29.b3 Bf6
30.Rd6 Rd5 31.Rxd5 exd5 32.Be3 d4 33.Bf4 Qf5 34.Rxc6 Nxc6 35.Qe2 Ne7 36.Qe4 Qh3
37.g4 Bg5 38.Nc5 Bxf4 39.Qxf4 Qh4+ 40.Kg2 Nc6 41.Ne6 Qf6 42.Qe4 Kf7 43.Nc7 Ne7
44.Nd5 Nxd5 45.Qxd5+ Ke8 46.Qa8+ Kf7 47.Qb7+ Kg6 48.Qxb4 Qf4 49.Qb6+ Kh7
50.Qb4 Qe3 51.Qc5 Qe2+ 52.Kg3 d3 53.Qf5+ Kg8 54.Qc8+ Kh7  1/2-1/2

[Event "Teplice Open"]
[Site "Teplice CZE"]
[Date "2011.06.17"]
[Round "7"]
[White "Pacher,M"]
[Black "Adamek,J"]
[Result "0-1"]
[WhiteElo "2407"]
[BlackElo "2275"]

1.d4 Nf6 2.c4 e6 3.Nf3 d5 4.g3 Be7 5.Bg2 O-O 6.O-O dxc4 7.Qc2 a6 8.a4 a5
9.Qxc4 c6 10.Nc3 Na6 11.Rd1 Nb4 12.Ne5 Qb6 13.Bg5 Rd8 14.Ne4 Nbd5 15.Nc5 Qc7
16.e4 h6 17.Bd2 Nb6 18.Qc3 Nbd7 19.Bf4 Nxe5 20.Bxe5 Qb6 21.Bh3 Nd7 22.Nxd7 Bxd7
23.d5 Bb4 24.Qf3 cxd5 25.exd5 Bf8 26.d6 Bc6 27.Qf4 Rd7 28.Ra3 Qb4 29.Qe3 Bxd6
30.Rb3 Bc5 31.Rxd7 Bxe3 32.Rxb4 axb4 33.Rd3 Bc5 34.b3 b5 35.a5 Be4 36.Bg2 Bxg2
37.Kxg2 Rxa5 38.Rd8+ Kh7 39.Bd4 Bxd4 40.Rxd4 Ra7 41.Rxb4 Rb7 42.Kf3 g5 43.Ke4 Kg6
44.f3 Kf6 45.h4 Ke7 46.h5 Rb8 47.f4 gxf4 48.gxf4 f6 49.Ke3 f5 50.Kf3 Kf6
51.Ke3 e5 52.fxe5+ Kxe5 53.Kf3 Kd5 54.Rf4 Rf8 55.Rb4 Rb8 56.Rf4 Ke5 57.Rb4 Rb7
58.Kf2 Kf6 59.Rd4 Kg5 60.Rd5 Kg4 61.b4 Rb6 62.Rc5 f4 63.Rc8 Rf6 64.Rg8+ Kxh5
65.Kf3 Rf5 66.Rg7 Rf8 67.Rb7 Rf5 68.Rg7 Rg5 69.Rb7 Rg3+ 70.Kf2 Rb3 71.Rxb5+ Kg4
72.Rb8 Rb2+ 73.Kf1 Kf3 74.Kg1 Rb1+ 75.Kh2 Kf2 76.b5 f3 77.b6 Rb5 78.Kh3 Rh5+
79.Kg4 Rg5+ 80.Kh4 Kg2 81.b7 Rg7 82.Kh5 f2 83.Kxh6 Rxb7  0-1

[Event "4th Karen Asrian Memorial"]
[Site "Jermuk ARM"]
[Date "2011.06.18"]
[Round "3"]
[White "Ulibin,M"]
[Black "Batsiashvili,N"]
[Result "1-0"]
[WhiteElo "2532"]
[BlackElo "2399"]

1.d4 d5 2.c4 e6 3.Nf3 Nf6 4.g3 Be7 5.Bg2 O-O 6.O-O dxc4 7.Qc2 a6 8.a4 Bd7
9.Rd1 Bc6 10.Nc3 Bxf3 11.Bxf3 Nc6 12.Bxc6 bxc6 13.a5 Rb8 14.Qa4 Rb4 15.Qxc6 Qd6
16.Qf3 Rfb8 17.e4 Qd7 18.Qe2 Bf8 19.Ra2 h6 20.Bf4 Qc6 21.d5 exd5 22.e5 Nd7
23.Nxd5 R4b5 24.Nc3 Rc5 25.e6 fxe6 26.Bxc7 Re8 27.Bf4 g5 28.Qh5 Nf6 29.Qg6+ Bg7
30.Rd6 Qa8 31.Be3 Rc6 32.Ne4 Rf8 33.Nxf6+ Rxf6 34.Qe4 e5 35.Qd5+ Kh7 36.Rd8 Qb7
37.Rd7 Qb3 38.Qe4+ Rg6 39.Ra1 Qb5 40.Rad1 Qb4 41.Qxe5 Qa4 42.Re1 Qb5 43.Qxb5 axb5
44.Bd4 Rcd6 45.Ree7 Rxd7 46.Rxd7 b4 47.a6  1-0

[Event "34th MGU Open"]
[Site "Sofia BUL"]
[Date "2011.06.18"]
[Round "3.4"]
[White "Kostov,N"]
[Black "Petrov,Vl5"]
[Result "0-1"]
[WhiteElo "1995"]
[BlackElo "1793"]

1.d4 Nf6 2.c4 e6 3.g3 d5 4.Bg2 Be7 5.Nf3 O-O 6.Ne5 dxc4 7.O-O c5 8.dxc5 Bxc5
9.Qxd8 Rxd8 10.Nxc4 Nd5 11.Rd1 Nc6 12.a3 Nd4 13.Kf1 Nc2 14.Nc3 Nxa1 15.e4 b5
16.exd5 bxc4 17.Ne4 Bb6 18.d6 Bb7 19.Nf6+ gxf6 20.Bxb7 Rab8 21.Bc6 Nb3 22.d7 Nxc1
23.Rxc1 Kf8 24.Rxc4 Ke7 25.b4 Rxd7 26.Bxd7 Kxd7  0-1